Report of the Committee on Defence and Interior on the Headquarters Agreement Between the Government of the Republic of Ghana and the Economic Community of West African States(ECOWAS) on the Establishment of the Headquarters of the Multinational Maritime Coordination Centre (MMCC) of Zone F, in Accra Ghana.2021 (Record no. 2013)

MARC details
000 -LEADER
fixed length control field 00897nam a2200145Ia 4500
008 - FIXED-LENGTH DATA ELEMENTS--GENERAL INFORMATION
fixed length control field 240429s9999||||xx |||||||||||||| ||und||
041 ## - LANGUAGE CODE
Language code of text/sound track or separate title eng
082 ## - DEWEY DECIMAL CLASSIFICATION NUMBER
Classification number CR/ECOWAS/21
100 ## - MAIN ENTRY--PERSONAL NAME
Personal name Parliament of Ghana
245 #0 - TITLE STATEMENT
Title Report of the Committee on Defence and Interior on the Headquarters Agreement Between the Government of the Republic of Ghana and the Economic Community of West African States(ECOWAS) on the Establishment of the Headquarters of the Multinational Maritime Coordination Centre (MMCC) of Zone F, in Accra Ghana.2021
300 ## - PHYSICAL DESCRIPTION
Extent 6p
650 ## - SUBJECT ADDED ENTRY--TOPICAL TERM
Topical term or geographic name entry element Report of the Committee on Defence and Interior on the Headquarters Agreement Between the Government - Republic of Ghana and the Economic Community of West African States(ECOWAS) on the Establishment of - Headquarters of the Multinational Maritime Coordination Centre (MMCC) of Zone F, in Accra Ghana
942 ## - ADDED ENTRY ELEMENTS (KOHA)
Koha item type Committee Reports
Holdings
Withdrawn status Lost status Damaged status Not for loan Home library Current library Shelving location Date acquired Total checkouts Full call number Date last seen Copy number Price effective from Koha item type
        Main Library Main Library Open Shelves 09/12/2022   CR/ECOWAS/21 3197 C3 - CR/ECOWAS/21 3195 C1 - CR/ECOWAS/21 3196 C2 29/04/2024 1 29/04/2024 Committee Reports
©2026  Parliament of Ghana Library - All rights reserved